Sports Quiz

Random Sports or NFL Quiz

Unique Letter NFL Teams Quiz Stats

 Plays Quiz Updated Jul 19, 2017

Challenge
Share
Tweet
Embed
Score 0/7 Timer 00:30
2 Plays Today
NFL Team % Correct
EEagles
86.7%
#49ers
85.8%
FFalcons
80.7%
LLions
79.9%
VVikings
79%
GGiants
73.6%
DDolphins
60.3%

You're not logged in!

Compare scores with friends on all Sporcle quizzes.
Join for Free
OR
Log In

You Might Also Like...

Show Comments

Extras

Top Quizzes Today


Score Distribution

Your Account Isn't Verified!

In order to create a playlist on Sporcle, you need to verify the email address you used during registration. Go to your Sporcle Settings to finish the process.

Report this User

Report this user for behavior that violates our Community Guidelines.

Details: